00367nam a2200121 a 4500008004100000050001600041100002200057245008400079260002800163300002200191350000900213700002300222120416s1978 ||||||||||||||||| || u aHG 3821 Put aWilford, D. Sykes14aThe monetary approach to international adjustmentcedited by Blumford H. Putman aNew YorkbPraegerc1978 axvi, 283p. : ill. a0.00 aPutman, Blumford H